000 00621nam a2200241Ia 4500
005 20260121111840.0
008 1315 260114s9999 xx 000 0 eng d
020 _a9789812773692
037 _aEBOOK
040 _aCRL
_beng
_cCRL
041 _aeng
_2eng
084 _qCRL
100 _aSiciliano Antonio
_9948253
245 0 _aOptics: Problems and Solutions
260 _bWorld Scientific
260 _bWSPC
260 _c2006
650 _aPhysics
_9948254
856 _uhttps://www.worldscientific.com/worldscibooks/10.1142/6097#t=toc
942 _cEBOOK
999 _c1538615
_d1538615